[Event "Mephisto Cup (40/120')"]
[Site "?"]
[Date "2012.??.??"]
[Round "6"]
[White "Mephisto ARM2, RISC 1.2."]
[Black "Mephisto 68030, London"]
[Result "1-0"]
[WhiteElo "2263"]
[BlackElo "2270"]
[Annotator "xchessg"]
[PlyCount "79"]
[SourceDate "2009.11.09"]

1. c4 e5 {[%eval 25,0] Stil Ativ; RF} 2. Nc3 Nf6 3. Nf3 Nc6 4. g3 Bb4 5. Bg2
O-O 6. O-O e4 7. Ng5 Bxc3 8. bxc3 Re8 9. d3 exd3 {[%eval -18,0] *Turnierbuch;
klassik;} 10. exd3 h6 11. Ne4 d6 12. Bf4 {[%eval 14,0] *Grossbuch;} Nxe4 13.
Bxe4 Ne5 14. Bxe5 dxe5 15. Rb1 {[%eval 40,0]} c6 {[%eval -9,0]} 16. Re1 Qa5 17.
Qc2 Rd8 18. Rb2 Qc5 19. Qb1 {a tempo} b6 20. Rbe2 {[%eval 16,0]} f6 {[%eval 30,
0]} 21. Re3 Bg4 22. Bg6 Be6 23. f4 Bg4 24. Qb3 exf4 25. gxf4 {[%eval 52,0]} Kh8
{[%eval 6,0]} 26. Qb4 Qxb4 {a tempo} 27. cxb4 Bd7 28. Re7 a5 {a tempo} 29. bxa5
bxa5 30. Rf7 {[%eval 74,0]} Bg4 31. Ree7 {a tempo} f5 {[%eval -90,0]} 32. Rd7 {
[%eval 61,0]} Rab8 {abgebrochen} 33. Rxg7 a4 34. Rh7+ Kg8 {a tempo} 35. Rdg7+ {
[%eval 114,0]} Kf8 {[%eval -154,0] a tempo;} 36. Ra7 Rb1+ 37. Kf2 Rb2+ 38. Ke1
{[%eval 474,0]} Kg8 {[%eval -469,0]} 39. Rxh6 Re8+ 40. Bxe8 1-0

[Event "Mephisto Cup (40/120')"]
[Site "?"]
[Date "2012.??.??"]
[Round "7"]
[White "Mephisto 68030, London"]
[Black "Mephisto ARM2, RISC 1.2."]
[Result "0-1"]
[WhiteElo "2270"]
[BlackElo "2263"]
[Annotator "xchessg"]
[PlyCount "140"]
[SourceDate "2009.11.09"]

{Stil Aktiv, RF} 1. d4 Nf6 2. c4 e6 3. Nc3 Bb4 4. e3 O-O 5. Nf3 d5 6. Bd3 c5 7.
O-O dxc4 8. Bxc4 Nbd7 9. a3 cxd4 10. exd4 Bxc3 11. bxc3 Qc7 12. Qe2 b6 13. Bd2
{[%eval 18,0] *Turnierbuch;} Bb7 14. Bd3 Qd6 {[%eval -5,0] *Grossbuch;} 15.
Rfe1 Rac8 16. a4 Rfd8 17. a5 Nc5 18. axb6 {a tempo} Nxd3 19. Qxd3 {a tempo}
axb6 20. Bg5 {[%eval 57,0]} Ra8 {[%eval -12,0]} 21. Bxf6 gxf6 22. h3 Qf4 23.
Nd2 {a tempo} Kh8 24. Qe3 Qxe3 25. fxe3 {[%eval 30,0]} f5 {[%eval 11,0]} 26. g3
b5 27. Nb3 Kg7 28. Nc5 Bc6 {a tempo} 29. Reb1 Kf6 30. Kf2 {[%eval 39,0]} Rg8 {
0.17; abgebrochen} 31. Rf1 Ke7 32. Rfd1 {a tempo} Kd6 33. Rdb1 f6 34. Rf1 h6
35. Rfc1 {[%eval 45,0]} e5 {[%eval 25,0]} 36. Rf1 Kd5 37. Nb3 {a tempo} h5 38.
Rfd1 {a tempo} Rxa1 39. Rxa1 Ra8 40. Rxa8 {[%eval 0,0]} Bxa8 {[%eval 26,0]} 41.
Nd2 Bb7 42. Ke2 Bc8 43. Kd3 {[%eval 12,0]} e4+ {[%eval 37,0]} 44. Kc2 $2 {
[%eval -27,0]} (44. Ke2 f4 45. exf4 Bxh3 46. Ke3 $11 {[%eval 532,0] Fritz})
44... f4 {[%eval 48,0]} 45. gxf4 {a tempo} (45. exf4 e3 46. Nf3 Bf5+ 47. Kb3
Bxh3 $17) 45... Bxh3 46. Kd1 h4 {a tempo} 47. Ke2 f5 $6 (47... Be6 $142) 48.
Kf2 {[%eval 0,0]} Kc6 {[%eval 26,0]} 49. c4 $2 {[%eval 6,0]} (49. Nb1) 49...
bxc4 $2 {[%eval 10,0]} (49... b4) 50. Nxc4 {[%eval 0,0]} Kd5 {[%eval 0,0]} 51.
Ne5 Bg4 52. Ng6 {[%eval 39,0]} h3 {a tempo} 53. Kg3 Kd6 {[%eval 0,0]} 54. Nf8 {
[%eval 45,0]} Kd5 {[%eval 0,0]} 55. Kh2 {[%eval 18,0]} Kc4 {[%eval 0,0]} 56.
Ne6 {[%eval 15,0]} Be2 57. Kxh3 {[%eval 78,0]} Kd3 {[%eval 27,0]} 58. d5 $2 {
[%eval -15,0] a tempo;} (58. Kg3 Kxe3 59. Ng7 Kxd4 60. Nxf5+ $11) 58... Kxe3 {
[%eval 39,0]} 59. Kg3 {[%eval 0,0] a tempo;} Bb5 {[%eval 100,0]} 60. Nc7 {
[%eval 0,0]} Ba4 61. Na8 {[%eval -24,0]} Kd2 {a tempo} 62. Nb6 {[%eval -69,0]}
e3 63. Nc4+ {[%eval -181,0]} Ke2 {[%eval 162,0]} 64. Ne5 Kd1 65. Nc4 {a tempo}
e2 66. Ne3+ {a tempo} Ke1 67. Ng2+ {[%eval -245,0]} Kd2 68. Kf2 {[%eval -172,0]
} Bb3 69. d6 {[%eval -342,0]} Ba4 {[%eval 328,0]} 70. Ne1 {[%eval -342,0]} Bc6
0-1

[Event "Mephisto Cup (40/120')"]
[Site "?"]
[Date "2012.??.??"]
[Round "8"]
[White "Mephisto ARM2, RISC 1.2."]
[Black "Mephisto 68030, London"]
[Result "0-1"]
[WhiteElo "2263"]
[BlackElo "2270"]
[Annotator "xchessg"]
[PlyCount "91"]
[SourceDate "2009.11.09"]

1. e4 e5 {[%eval 25,0] aktiv; RF} 2. Nf3 Nc6 3. Bc4 Nf6 4. d3 Be7 5. Bb3 d5 {
*Turnierbuch mensch} 6. Nbd2 Bg4 7. O-O dxe4 8. Nxe4 {a tempo} Nxe4 9. dxe4 {
a tempo} Qxd1 10. Rxd1 {[%eval -11,0] a tempo;} Bxf3 {[%eval 84,0]} 11. gxf3
Nd4 {a tempo} 12. Kg2 O-O-O {[%eval 0,0] a tempo;} 13. Be3 Nxb3 {a tempo} 14.
axb3 a6 15. f4 Bf6 {[%eval 30,0] a tempo;} 16. fxe5 {[%eval 36,0]} Bxe5 {a
tempo} 17. c3 g6 {a tempo} 18. f4 Rxd1 19. Rxd1 Bf6 20. Kf3 {[%eval 25,0]} Rd8
{[%eval 15,0]} 21. Rxd8+ Bxd8 22. Bd4 Kd7 23. b4 {a tempo} Ke6 24. c4 b5 25. b3
Be7 {a tempo} 26. Bc3 f5 {a tempo} 27. Ke3 fxe4 28. Kxe4 c6 29. h3 Bd8 30. Be5
{[%eval 0,0]} Bh4 {[%eval 42,0] abgebrochen} 31. Bd4 Be1 32. Bc5 Bd2 {a tempo}
33. Bf8 Bc3 {a tempo} 34. Bc5 h5 35. Kd3 Bb2 {[%eval 42,0] a tempo;} 36. Be3 {
[%eval -14,0]} Kf5 37. Bd2 {a tempo} Bf6 38. Ke3 {a tempo} g5 39. Kf3 g4+ 40.
hxg4+ {[%eval -18,0]} hxg4+ {[%eval 90,0]} 41. Kg3 Bd4 {a tempo} 42. Kg2 Ke4
43. c5 g3 {[%eval 160,0]} 44. f5 {[%eval -134,0] a tempo;} Kxf5 45. Kf3 {
[%eval -149,0] a tempo;} g2 {[%eval 300,0]} 46. Kxg2 {[%eval -249,0]} 0-1

[Event "Mephisto Cup (40/120')"]
[Site "?"]
[Date "2012.??.??"]
[Round "9"]
[White "Mephisto 68030, London"]
[Black "Mephisto ARM2, RISC 1.2."]
[Result "1/2-1/2"]
[WhiteElo "2270"]
[BlackElo "2263"]
[Annotator "xchessg"]
[PlyCount "209"]
[SourceDate "2009.11.09"]

{Stil Aktiv; RF} 1. Nf3 d5 2. c4 c6 3. b3 Nf6 4. Bb2 Bf5 5. g3 e6 6. Bg2 Nbd7
7. O-O {[%eval 6,0] *Turnierbuch modern;} Bd6 8. Nc3 O-O {[%eval 18,0]
*Grossbuch;} 9. d4 {a tempo} Rc8 10. e3 Bg4 11. Rc1 Ne4 12. h3 Bh5 13. Qc2 Bg6
14. Nh4 Nxc3 {a tempo} 15. Nxg6 fxg6 {[%eval -1,0] a tempo;} 16. Qxc3 {[%eval
60,0]} Nf6 17. f4 Qe7 18. c5 Bc7 19. a3 Rcd8 20. Qb4 {[%eval 42,0]} Rb8 {
[%eval -4,0]} 21. Qa4 a6 22. Qb4 b5 23. Qe1 {abgebrochen} Rbe8 24. Qe2 a5 25.
Bc3 {[%eval 42,0]} Rb8 {[%eval -8,0]} 26. Bd2 Ra8 27. Qd3 a4 28. b4 Rf7 29. Qc2
Raf8 30. Bf3 {[%eval 36,0] a tempo;} Nh5 {[%eval -3,0]} 31. Kg2 Nf6 32. Rfe1
Qd8 33. Rh1 Bb8 34. Rhf1 Bc7 35. Ra1 {[%eval 48,0]} Bb8 {[%eval -3,0]} 36. Rf2
Bc7 37. Re1 Qd7 38. Bc3 Bb8 39. Rff1 Bc7 40. Bb2 {[%eval 48,0] a tempo;} Re7 {
[%eval -11,0]} 41. e4 Nxe4 42. Bxe4 dxe4 43. Qxe4 Rf6 44. Rf2 Rf8 45. Rfe2 {
[%eval 81,0]} Ree8 {[%eval -23,0]} 46. Re3 Bd8 47. Qd3 Qd5+ 48. Kg1 Bf6 49. Qe4
Kf7 50. Kg2 {[%eval 42,0] a tempo;} Re7 {[%eval -13,0]} 51. R1e2 {a tempo} Rd8
52. Kh2 {a tempo} Ree8 53. Kg1 Kf8 54. Kg2 Ra8 55. Re1 Kf7 56. Kh2 Rab8 57.
R3e2 Rbd8 {a tempo} 58. Kh1 Rd7 59. Qxd5 {a tempo} Rxd5 60. Re4 {[%eval 12,0]}
g5 {[%eval -15,0]} 61. fxg5 Bxg5 62. Kg2 h5 {a tempo} 63. R1e2 Bf6 64. R2e3 {
a tempo} Rd7 65. Re2 Rd5 {a tempo} 66. Bc3 Rf5 67. Bb2 Rd5 68. Bc3 Re7 69. Ba1
Re8 70. Bc3 Re7 {[%eval -9,0]} 71. Kg1 Rf5 72. Bb2 Rd5 73. Re1 Re8 74. Bc3 Rf5
{abgebrochen} 75. Kg2 Rd5 76. Ba1 Rg5 77. R1e3 Rd5 78. Bc3 {a tempo} Bg5 79.
Rf3+ Bf6 80. g4 {[%eval 27,0]} hxg4 {[%eval -3,0]} 81. Rxg4 {a tempo} Rh8 82.
Re4 Rg5+ 83. Rg3 Ke7 {a tempo} 84. Rxg5 Bxg5 85. Rg4 Bf6 86. Kg3 {a tempo} Rh6
87. Bd2 Rh5 88. Bc3 {a tempo} Rf5 89. Kg2 Bg5 90. Bb2 {[%eval 0,0]} Kf7 {
[%eval 6,0]} 91. Re4 g6 92. Bc3 {a tempo} Bc1 93. Re1 Bf4 {a tempo} 94. Re4 Ke7
95. Bb2 Kd7 {a tempo} 96. h4 Ke7 97. Kh3 Bh6 {a tempo} 98. Kg2 Kf7 99. Re1 Bf8
100. Re2 {[%eval 0,0]} Be7 {[%eval 9,0]} 101. Re4 Bf6 102. Bc3 Rh5 103. Kg3 Bg7
104. Bb2 Bh8 105. Ba1 1/2-1/2

[Event "Mephisto Cup (40/120')"]
[Site "?"]
[Date "2012.??.??"]
[Round "10"]
[White "Mephisto ARM2, RISC 1.2."]
[Black "Mephisto 68030, London"]
[Result "1-0"]
[WhiteElo "2263"]
[BlackElo "2270"]
[Annotator "xchessg"]
[PlyCount "80"]
[SourceDate "2009.11.09"]

1. e4 d6 {[%eval 25,0] Aktiv, RF} 2. d4 Nf6 3. Nc3 g6 4. f4 Bg7 5. Nf3 O-O 6.
Bd3 Na6 7. O-O c5 8. d5 Nc7 9. Kh1 Rb8 10. a4 a6 11. Bd2 $6 {[%eval 24,0]
*Grossbuch;} (11. a5) 11... b5 {[%eval 48,0] *Turnierbuch modern;} 12. axb5
axb5 {a tempo} 13. Be3 Ba6 14. Nd2 Qd7 15. Bf2 {[%eval 13,0]} Ra8 {[%eval 72,0]
} 16. h3 b4 17. Na4 Rfb8 {a tempo} 18. Be3 Qe8 {[%eval 139,0]} 19. Re1 c4 20.
Nb6 {[%eval -83,0] a tempo;} cxd3 {[%eval 175,0]} 21. Nxa8 {a tempo} Rxa8 22.
Qb1 dxc2 23. Qxc2 Rc8 24. Qb3 {a tempo} Qb5 25. Ra4 Nh5 {a tempo} 26. Rxb4 Qd3
27. Qxd3 {a tempo} Bxd3 28. Rc1 Ba6 29. Rb6 Ne8 30. Rcc6 {[%eval 115,0]} Rxc6 {
[%eval -69,0]} 31. dxc6 Nc7 32. Rb8+ Bf8 {a tempo} 33. Bb6 Ne6 {a tempo} 34. b4
Bd3 35. c7 {[%eval 106,0]} Nxc7 {[%eval -87,0]} 36. Bxc7 Ng3+ 37. Kh2 {a tempo}
Nxe4 38. Nxe4 Bxe4 {a tempo} 39. b5 Kg7 40. b6 {[%eval 298,0]} h6 {[%eval -239,
0]} 1-0

[Event "Mephisto Cup (40/120')"]
[Site "?"]
[Date "2013.??.??"]
[Round "1"]
[White "Mephisto 68030, London"]
[Black "Mephisto ARM6, Montreux"]
[Result "0-1"]
[WhiteElo "2270"]
[BlackElo "2250"]
[Annotator "xchessg"]
[PlyCount "108"]
[SourceDate "2009.11.09"]

{Riskant, RF +0.25; D+T+B 110%, S+L 100%, Sel} 1. e4 e5 {Aktiv} 2. f4 exf4 3.
Nf3 d6 4. Bc4 h6 5. d4 {[%eval 6,0] *Turnierbuch, klassik;} g5 6. O-O {bib} Bg7
{*Randombook; -27} 7. Nc3 Ne7 {bib} 8. Ne2 {*-0.15} f5 {*21} 9. e5 Nbc6 10.
exd6 Qxd6 {a tempo} 11. Re1 Na5 12. Bb5+ c6 {a tempo} 13. Bd3 Be6 {a tempo} 14.
Nxf4 {[%eval -63,0]} gxf4 {173} 15. Qe2 {a tempo} Bd5 16. c3 Bf6 17. Kh1 b6 18.
Bxf5 O-O 19. Bd3 c5 {a tempo} 20. Nd2 {[%eval -78,0]} cxd4 {193} 21. c4 f3 {a
tempo} 22. Nxf3 Bxf3 23. Qxf3 {a tempo} Bg7 24. Qe4 {a tempo} Nf5 25. g4 {
[%eval -15,0] a tempo;} Rfe8 {167} 26. Qxe8+ Rxe8 27. Rxe8+ Kf7 28. Re4 {a
tempo} Qc6 29. gxf5 Nb7 30. Kg1 Nc5 {168} 31. Re6 {[%eval -100,0]} Nxe6 32.
fxe6+ {a tempo} Qxe6 33. Bf4 {a tempo} Be5 34. Rf1 Kg7 35. Bf5 Qd6 {a tempo;
261} 36. Bxe5+ {[%eval -218,0]} Qxe5 {a tempo} 37. Rf2 Qe3 38. Kg2 {a tempo} d3
39. Rf3 {[%eval -348,0]} Qe2+ 40. Rf2 {[%eval -378,0] a tempo;} Qd1 41. Rf1 {
a tempo} Qd2+ 42. Kh3 {a tempo} Qe2 43. Rg1+ Kf6 {a tempo} 44. Bg4 Qxb2 {a
tempo} 45. Rf1+ Ke5 46. a4 Qb3 47. Bd1 Qxc4 48. Rf2 Qc1 49. Rf1 Qg5 50. Re1+
Kd4 51. Rf1 a6 52. Bg4 h5 53. Bd1 b5 54. axb5 axb5 0-1

[Event "Mephisto Cup (40/120')"]
[Site "?"]
[Date "2013.??.??"]
[Round "2"]
[White "Mephisto ARM6, Montreux"]
[Black "Mephisto 68030, London"]
[Result "1-0"]
[WhiteElo "2250"]
[BlackElo "2270"]
[Annotator "xchessg"]
[PlyCount "103"]
[SourceDate "2009.11.09"]

{Aktiv} 1. e4 e5 {[%emt 0:00:12] Riskant, RF +0.25; D+T+B 110%; S+L 100%, Sel}
2. f4 exf4 3. Bc4 Nf6 4. Nc3 c6 5. Bb3 d5 6. exd5 cxd5 7. Qf3 d4 {[%eval 75,0]
*Turnierbuch, klassik;} 8. Ne4 {*randombuch; -68} Nxe4 9. Qxe4+ {a tempo} Qe7
10. d3 Qxe4+ 11. dxe4 {a tempo} Bb4+ 12. Kf2 Bc5 13. Nf3 d3+ 14. Kf1 dxc2 15.
Bxf4 O-O 16. Rc1 Be6 17. Rxc2 Bxb3 18. Rxc5 Bxa2 19. Kf2 Nc6 20. Rb5 {a tempo;
-58} Rfe8 {[%eval 112,0]} 21. Ke3 Re7 22. Ra1 {a tempo} Be6 23. Ne5 Nxe5 24.
Bxe5 f6 {a tempo} 25. Bg3 Bf7 {a tempo} 26. Rb4 Bd5 27. Bd6 Re6 28. Rd1 Bc6 29.
Rd2 Rae8 30. Rdd4 f5 {[%eval 242,0] a tempo;} 31. e5 {-112} Bxg2 32. Rd2 Bc6
33. Kf4 g6 {a tempo} 34. Rb3 Kf7 35. Ra3 {-103} a6 {[%eval 230,0]} 36. Rh3 Kg8
37. b3 Rc8 38. Rc3 Kf7 39. Bb4 Rce8 40. Bd6 {-99} Rd8 {[%eval 218,0]} 41. Rh3
Kg8 42. Rc3 Kg7 43. h4 {a tempo} Kh6 44. h5 Rc8 45. hxg6 hxg6 {[%eval 154,0]}
46. Rh3+ Kg7 {a tempo} 47. Rdh2 {155} Rxd6 {[%eval -169,0]} 48. Rh7+ Kf8 49.
exd6 Bd5 50. Rh8+ Bg8 51. d7 Rd8 52. R2h7 1-0

[Event "Mephisto Cup (40/120')"]
[Site "?"]
[Date "2013.??.??"]
[Round "3"]
[White "Mephisto 68030, London"]
[Black "Mephisto ARM6, Montreux"]
[Result "0-1"]
[WhiteElo "2270"]
[BlackElo "2250"]
[Annotator "xchessg"]
[PlyCount "101"]
[SourceDate "2009.11.09"]

{Aktiv; RF} 1. Nf3 Nc6 2. d4 d5 3. c4 Bg4 4. cxd5 {[%eval 51,0] *Turnierbuch
modern;} Bxf3 5. dxc6 Bxc6 6. Bf4 e6 {[%emt 0:00:19] *Randombuch;} 7. Nc3 Bd6
8. Bg3 Nf6 9. e3 {a tempo} O-O 10. Bh4 {[%eval 30,0] a tempo;} Re8 {[%emt 0:00:
25]} 11. f3 Be7 12. Bf2 Nd5 13. e4 Nxc3 14. bxc3 Bh4 15. g3 Bg5 16. Bg2 Bb5 17.
Rb1 Qd7 18. f4 Be7 19. e5 {a tempo} Rad8 20. Be4 {[%eval 21,0]} Bc6 {[%emt 0:
00:30]} 21. Qd3 Bxe4 22. Qxe4 {a tempo} b6 23. O-O Qa4 24. Rb2 {a tempo} c5 25.
Rfb1 {[%eval 6,0] a tempo;} cxd4 {[%emt 0:00:37]} 26. cxd4 Rc8 27. f5 Rc3 28.
fxe6 fxe6 29. Be3 Ra3 30. Ra1 Rf8 31. Kh1 Bb4 32. Re2 Qb5 33. Bg1 Qc4 34. Rc2 {
a tempo} Rc3 35. Rac1 b5 36. h3 Ba5 37. Rxc3 Bxc3 38. Rc2 {a tempo} b4 39. Kh2
b3 40. axb3 {[%eval 6,0]} Qxb3 {64} 41. Qd3 Rf3 42. Qxf3 {a tempo} Qxc2+ 43.
Kh1 Qa2 44. Qa8+ Kf7 45. Qb7+ Kg6 46. g4 Qd5+ 47. Qxd5 {[%eval -130,0]} exd5 {
201} 48. h4 a5 49. Be3 a4 50. h5+ Kf7 51. Bc1 {[%eval -300,0]} 0-1

[Event "Mephisto Cup (40/120')"]
[Site "?"]
[Date "2013.??.??"]
[Round "4"]
[White "Mephisto ARM6, Montreux"]
[Black "Mephisto 68030, London"]
[Result "1/2-1/2"]
[WhiteElo "2250"]
[BlackElo "2270"]
[Annotator "xchessg"]
[PlyCount "135"]
[SourceDate "2009.11.09"]

{Aktiv} 1. c4 c5 {Aktiv} 2. Nc3 Nc6 3. e3 Nf6 {[%eval 3,0] *Turnierbuch,
modern;} 4. Nf3 e6 5. d4 cxd4 6. exd4 {[%emt 0:00:08] *Randombook;} Bb4 {a
tempo} 7. d5 Bxc3+ 8. bxc3 Ne7 {a tempo} 9. d6 Nf5 10. Bf4 Qb6 11. Rb1 {a tempo
} Qc6 12. Be2 {a tempo} b6 13. O-O Bb7 14. Qd3 O-O 15. Rfd1 Rac8 {[%eval 63,0]}
16. Rb5 {[%emt 0:00:02]} Ne4 17. Ne5 Qxd6 {a tempo} 18. Qc2 Qa3 19. Rxd7 Nxc3
20. Rb3 {[%emt 0:00:38]} Nxe2+ 21. Qxe2 {a tempo} Qa6 {[%eval 24,0]} 22. Qd3
Bc6 23. Ra3 Ba4 {a tempo} 24. g4 Nh4 25. Qd2 Ng6 {[%eval 130,0]} 26. Nxg6 {-65}
hxg6 27. Rd4 Rxc4 28. Qd3 {a tempo} b5 29. Rc3 Rxc3 30. Qxc3 {a tempo; -108}
Qb7 31. Qc7 {a tempo} Qxc7 32. Bxc7 Rc8 33. Rd8+ Rxd8 {a tempo} 34. Bxd8 b4 35.
f4 f6 {[%eval 87,0]} 36. Kf2 Kf7 37. Ba5 b3 38. axb3 Bxb3 {a tempo} 39. Ke3 e5
40. fxe5 fxe5 {a tempo} 41. Bc3 {-77} Ke6 {[%eval 96,0]} 42. g5 Kf5 43. h4 Bd5
44. Bb4 Kg4 45. Be1 {a tempo} a6 46. Ke2 {a tempo} Kf4 47. Bd2+ {a tempo} Ke4
48. Bc3 Bc6 49. Kf2 {a tempo} Kf4 50. Ke2 {a tempo; -99} Bf3+ 51. Kf2 {a tempo}
Bd5 52. Ke2 Bc6 {a tempo} 53. Bd2+ Ke4 54. Bc3 Bb5+ 55. Kf2 {a tempo} Kf4 {
[%eval 112,0]} 56. Bd2+ {-89} Kg4 57. Ke3 {a tempo} Bc6 58. Be1 Ba8 59. Ke2 Bb7
{a tempo} 60. Ke3 Bc6 {[%eval 106,0] a tempo;} 61. Ke2 {-86} Be4 62. Ke3 Bf5 {
a tempo} 63. Ke2 Bc8 {a tempo} 64. Ke3 Bb7 {a tempo} 65. Ke2 Bd5 {a tempo} 66.
Ke3 e4 {a tempo} 67. Kd4 Bc6 {a tempo} 68. Ke3 1/2-1/2

[Event "Mephisto Cup (40/120')"]
[Site "?"]
[Date "2013.??.??"]
[Round "5"]
[White "Mephisto 68030, London"]
[Black "Mephisto ARM6, Montreux"]
[Result "1-0"]
[WhiteElo "2270"]
[BlackElo "2250"]
[Annotator "xchessg"]
[PlyCount "75"]
[SourceDate "2009.11.09"]

{Aktiv} 1. c4 e5 {Aktiv} 2. Nc3 Nf6 3. Nf3 Nc6 4. g3 Nd4 5. Bg2 {[%eval 18,0]
*Turnierbuch modern;} Nxf3+ 6. Bxf3 Bc5 7. O-O d5 {*Randombook; -08} 8. cxd5
Bh3 9. Qa4+ Nd7 10. Bg2 Bxg2 11. Kxg2 O-O 12. d3 Nb6 13. Qb3 Re8 14. Bd2 Rc8
15. Rac1 Bd4 16. e4 c6 17. dxc6 bxc6 {a tempo} 18. Ne2 c5 19. Rc2 Qf6 20. Nxd4
{[%eval 142,0] a tempo;} exd4 {-93} 21. f3 Nd7 22. Qd5 {a tempo} Nb6 23. Qb7
Qe6 24. b3 Nd7 25. Rfc1 a6 26. f4 Rb8 27. Qc7 {a tempo} Rbc8 28. Qa5 f5 29. e5
Qd5+ 30. Kg1 {[%eval 151,0]} Rc6 31. Qa4 {a tempo} Ree6 32. Qc4 Qf3 {a tempo}
33. b4 cxb4 {-178} 34. Qb3 {[%eval 418,0]} Rb6 {-449} 35. Rc8+ Nf8 36. Rd8 Qe2
37. Rcc8 g6 38. Rxf8+ 1-0

[Event "Mephisto Cup (40/120')"]
[Site "?"]
[Date "2013.??.??"]
[Round "6"]
[White "Mephisto ARM6, Montreux"]
[Black "Mephisto 68030, London"]
[Result "0-1"]
[WhiteElo "2250"]
[BlackElo "2270"]
[Annotator "xchessg"]
[PlyCount "78"]
[SourceDate "2009.11.09"]

{Aktiv} 1. e4 d6 {Aktiv} 2. d4 Nf6 3. Nc3 g6 4. f4 Bg7 5. Nf3 c5 6. Bb5+ Bd7 7.
e5 Ng4 8. e6 Bxb5 9. exf7+ Kd7 10. Nxb5 Qa5+ 11. Nc3 cxd4 12. Nxd4 h5 13. Qf3
Nc6 {[%eval -72,0] *Turnierbuch, modern;} 14. Nde2 Qf5 {[%eval 0,0]} 15. b4 {
[%emt 0:00:38] *Randombook;} Rac8 16. Bd2 Rc7 17. b5 Nb4 18. Rc1 Nxc2+ 19. Kf1
{a tempo} Bxc3 20. Nxc3 Rf8 {[%eval 87,0]} 21. b6 {-80} axb6 22. h3 {a tempo}
Nge3+ 23. Kg1 Nc4 24. Qd1 Nxd2 25. Rxc2 {-242} Nb1 {[%eval 227,0]} 26. Qxb1
Rxc3 27. Rc1 Rxc1+ {a tempo} 28. Qxc1 Rxf7 29. Kh2 Qxf4+ 30. Qxf4 Rxf4 31. Rb1
{-261} Kc7 {[%eval 348,0]} 32. Rc1+ Kb8 {a tempo} 33. Rb1 Ra4 {a tempo} 34. Rb2
Kc7 35. Rc2+ Kd7 36. Rb2 Kc6 37. Rc2+ Kd5 38. Rd2+ Kc5 39. Rc2+ Rc4 0-1

[Event "Mephisto Cup (40/120')"]
[Site "?"]
[Date "2013.??.??"]
[Round "7"]
[White "Mephisto 68030, London"]
[Black "Mephisto ARM6, Montreux"]
[Result "1-0"]
[WhiteElo "2270"]
[BlackElo "2250"]
[Annotator "xchessg"]
[PlyCount "106"]
[SourceDate "2009.11.09"]

{Aktiv} 1. Nf3 d5 {Aktiv} 2. c4 e6 3. d4 c6 4. e3 Nf6 5. Nc3 Nbd7 6. Bd3 Bd6 7.
e4 dxe4 8. Bxe4 O-O {*Randombook; -33} 9. O-O {[%eval 33,0] *Modern
Turnierbuch;} Qc7 {a tempo} 10. Bc2 b6 11. Qd3 Ba6 12. Bg5 h6 13. Bh4 {a tempo}
Rfe8 14. Rad1 Bf4 15. Rfe1 {[%eval 18,0]} Bb7 {-73} 16. Ne2 Bd6 17. Bg3 {a
tempo} c5 18. dxc5 Bxg3 19. Nxg3 {a tempo} bxc5 20. b3 Rac8 {-26} 21. Re2 {
[%eval 18,0]} Rcd8 22. Red2 e5 23. Ne1 Re6 24. Qf5 e4 25. Nh5 Nxh5 26. Qxh5 a5
27. g3 Re7 28. Qf5 g6 29. Qh3 Kg7 30. Rd6 {[%eval 39,0]} f5 {[%emt 0:00:37]}
31. Qh4 Rde8 32. b4 $1 {a tempo} Ne5 (32... axb4 33. Ba4) 33. Qf6+ Kg8 34. b5
Rf7 35. b6 {[%eval 24,0]} Qc8 {[%emt 0:00:40]} 36. Qh4 Kg7 37. Ba4 Nxc4 38.
Bxe8 Qxe8 39. Rd8 {a tempo} Qe6 40. Qf4 {[%eval 30,0]} Qxb6 {-08} 41. Qb8 {
[%eval 121,0]} Qe6 42. Re8 Qf6 43. Rh8 Qe7 44. Qg8+ Kf6 45. Rxh6 Ne5 {a tempo}
46. Qh8+ Ke6 {a tempo} 47. Ng2 Rg7 48. Nf4+ {a tempo} Kf7 49. Rh7 Rxh7 50.
Qxh7+ {[%eval 430,0] a tempo;} Kf6 {-150} 51. Qh8+ Kf7 52. Rd8 e3 53. fxe3 Nf3+
{-823} 1-0

[Event "Mephisto Cup (40/120')"]
[Site "?"]
[Date "2013.??.??"]
[Round "8"]
[White "Mephisto ARM6, Montreux"]
[Black "Mephisto 68030, London"]
[Result "1-0"]
[WhiteElo "2250"]
[BlackElo "2270"]
[Annotator "xchessg"]
[PlyCount "97"]
[SourceDate "2009.11.09"]

{Aktiv} 1. e4 c5 {Aktiv} 2. Nf3 Nc6 3. d4 cxd4 4. Nxd4 Nf6 5. Nc3 d6 6. Nd5
Nxd5 {[%eval 57,0] *Turnierbuch modern;} 7. exd5 Qa5+ 8. Bd2 Qxd5 9. Nb5 Qe6+
10. Be2 {[%emt 0:00:00] *Randombook;} Qd7 {[%eval 60,0]} 11. c4 g6 12. Bc3 Rg8
13. O-O a6 14. Nd4 {a tempo} Bg7 15. Re1 {[%emt 0:00:18]} Kf8 {[%eval 75,0]}
16. Qd2 Nxd4 17. Bxd4 Qc6 18. Bxg7+ Rxg7 19. Rad1 Bf5 20. b3 {[%emt 0:00:31]}
Rc8 {[%eval 72,0]} 21. Bf3 Qb6 {a tempo} 22. Re2 Rc7 23. Qc3 h6 24. Qd2 Rh7 25.
Ree1 Rh8 26. Qc3 Kg8 27. b4 Kh7 28. a4 Rhc8 29. a5 Qa7 {a tempo} 30. Rd4 {-05}
Be6 {[%eval 115,0]} 31. Be2 b5 {a tempo} 32. axb6 Qxb6 {a tempo} 33. Rh4 $1 {
[%emt 0:00:41]} Bf5 {[%eval 12,0] a tempo;} (33... Rg8 $5 34. Qd2 g5 $16) 34.
Qd2 Kg7 {a tempo} (34... h5 35. Bxh5 Kg7 36. Bf3 $16) 35. Qxh6+ {192} Kf6 {
[%eval -157,0]} 36. g4 (36. c5 $3 dxc5 37. g4 $18 {Fritz}) 36... Qxb4 37. Kf1
e6 {[%eval -215,0]} 38. gxf5 {258} Qb7 39. Kg1 Qb4 40. Rd1 exf5 {[%eval -227,0]
a tempo;} 41. Qf4 {305} Ke6 42. Qe3+ Kf6 43. Rh7 Rb8 {[%eval -300,0]} 44. Qd4+
{360} Ke7 45. Qg7 Ke6 46. Bf3 Re7 47. Bd5+ Kd7 48. Qf6 Rbe8 49. Rxf7 1-0

[Event "Mephisto Cup (40/120')"]
[Site "?"]
[Date "2013.??.??"]
[Round "9"]
[White "Mephisto 68030, London"]
[Black "Mephisto ARM6, Montreux"]
[Result "0-1"]
[WhiteElo "2270"]
[BlackElo "2250"]
[Annotator "xchessg"]
[PlyCount "44"]
[SourceDate "2009.11.09"]

{Aktiv} 1. c4 e5 {Aktiv} 2. Nc3 Nc6 3. Nf3 Nf6 4. g3 Bb4 5. Bg2 O-O 6. O-O Re8
7. Nd5 e4 {*Randombook; -04} 8. Ne1 {[%eval 18,0] *Turnierbuch modern;} Bc5 9.
d3 d6 10. Bg5 Bd4 11. Qd2 exd3 12. e3 {a tempo} Ne4 13. Bxe4 Qxg5 14. Nxc7 {
[%eval 121,0]} Rxe4 {-04} 15. Nxa8 {a tempo} Ne5 16. Kh1 {[%eval 90,0]} Qf5 {
[%emt 0:00:13]} 17. Qa5 b6 {-73} 18. Qxa7 {a tempo} Qh3 19. Kg1 {[%eval 0,0]}
h6 $3 {345} 20. Nxb6 {[%eval -281,0]} d2 21. Qa8 dxe1=Q 22. Qxc8+ Qxc8 {a tempo
} 0-1

[Event "Mephisto Cup (40/120')"]
[Site "?"]
[Date "2013.??.??"]
[Round "10"]
[White "Mephisto ARM6, Montreux"]
[Black "Mephisto 68030, London"]
[Result "1-0"]
[WhiteElo "2250"]
[BlackElo "2270"]
[Annotator "xchessg"]
[PlyCount "54"]
[SourceDate "2009.11.09"]

{Aktiv} 1. e4 d6 {Aktiv} 2. d4 Nf6 3. Nc3 c6 4. f4 Qa5 5. Bd3 e5 {[%eval -9,0]
*Turnierbuch;} 6. Nf3 exd4 7. Nxd4 {[%emt 0:00:31] *Randombook;} Qb4 {a tempo}
8. Nb3 d5 9. exd5 Nxd5 {a tempo} 10. O-O {74} Qb6+ 11. Rf2 {a tempo} Nxc3 12.
Qe1+ Be6 13. Be3 c5 14. f5 Nd5 {[%eval -109,0]} 15. fxe6 {170} f6 {a tempo} 16.
e7 Bxe7 17. Bxc5 Qc7 18. Bb5+ Kf8 19. Qe6 {a tempo; 264} Na6 20. Bxe7+ Nxe7 {
a tempo} 21. Bc4 Ng8 22. Bxa6 bxa6 23. Re1 Rb8 24. Rd2 Rd8 25. Re3 {a tempo;
376} Ne7 26. Rxd8+ {a tempo} Qxd8 {a tempo} 27. Rd3 Nd5 {[%eval -496,0]} 1-0